Rozvoj obchodných a investičných vzťahov medzi Európskou úniou

Možnosti obchodných a investičných aktivít vo Vietname. Všeobecná charakteristika dohôd a obchodná spolupráca. Vzťahy Európskej únie a Vietnamu.

Gespeichert in:
Bibliographische Detailangaben
1. Verfasser: Matúšová, Silvia
Format: Buchkapitel
Sprache:Slowakisch
Schlagworte:
Tags: Tag hinzufügen
Keine Tags, Fügen Sie das erste Tag hinzu!

MARC

LEADER 00000naa a2200000 4500
001 0272137
005 20210319140206.0
041 0 |a slo 
044 |a SK 
245 1 0 |a Rozvoj obchodných a investičných vzťahov medzi Európskou úniou  |c Silvia Matúšová 
520 |a Možnosti obchodných a investičných aktivít vo Vietname. Všeobecná charakteristika dohôd a obchodná spolupráca. Vzťahy Európskej únie a Vietnamu. 
610 2 0 |a dohody 
610 2 0 |a obchod 
610 2 0 |a spolupráca medzinárodná 
610 2 0 |a Vietnam 
610 2 0 |a Európska únia 
100 1 |a Matúšová, Silvia